Città e Regioni - Quiz n°16 - Statistics

Statistiche generali
  • Questo quiz è stato fatto 60 volte
  • Il punteggio medio è 8 su 10
Statistiche sulle risposte
Hint Risposta % Corretto
Cuneo Piemonte
96%
Monza Lombardia
94%
Trapani Sicilia
94%
Gioia Tauro Calabria
90%
Acireale Sicilia
86%
Bassano del Grappa Veneto
80%
Comacchio Emilia-Romagna
71%
Lavagna Liguria
69%
Foligno Umbria
67%
Tolmezzo Friuli-Venezia Giulia
63%
Nessun quiz corrispondente trovato
Distribuzione punteggi
Percentuale di utenti per punteggio
Percentile per numero di risposta
I tuoi punteggi nel tempo
Non hai fatto questo quiz